Afghanistan-Pakistan shared waters : (Record no. 607372)
[ view plain ]
| 000 -LEADER | |
|---|---|
| fixed length control field | 01391cam a22003255i 4500 |
| 001 - CONTROL NUMBER | |
| control field | 22989582 |
| 005 - DATE AND TIME OF LATEST TRANSACTION | |
| control field | 20231221092531.0 |
| 008 - FIXED-LENGTH DATA ELEMENTS--GENERAL INFORMATION | |
| fixed length control field | 230227s2023 mau 000 0 eng |
| 010 ## - LIBRARY OF CONGRESS CONTROL NUMBER | |
| LC control number | 2023933433 |
| 020 ## - INTERNATIONAL STANDARD BOOK NUMBER | |
| International Standard Book Number | 9781800622357 |
| Qualifying information | (hardback) |
| 020 ## - INTERNATIONAL STANDARD BOOK NUMBER | |
| Canceled/invalid ISBN | 9781800622364 |
| Qualifying information | (ebook) |
| 020 ## - INTERNATIONAL STANDARD BOOK NUMBER | |
| Canceled/invalid ISBN | 9781800622371 |
| Qualifying information | (epub) |
| 040 ## - CATALOGING SOURCE | |
| Original cataloging agency | DLC |
| Language of cataloging | eng |
| Description conventions | rda |
| Transcribing agency | DLC |
| 042 ## - AUTHENTICATION CODE | |
| Authentication code | pcc |
| 082 ## - DEWEY DECIMAL CLASSIFICATION NUMBER | |
| Classification number | 000 |
| 245 00 - TITLE STATEMENT | |
| Title | Afghanistan-Pakistan shared waters : |
| Remainder of title | state of the basins / |
| Statement of responsibility, etc. | Muhammad Azeem Ali Shah, Jonathan Lautze, Asadullah Meelad. |
| 263 ## - PROJECTED PUBLICATION DATE | |
| Projected publication date | 2312 |
| 264 #1 - PRODUCTION, PUBLICATION, DISTRIBUTION, MANUFACTURE, AND COPYRIGHT NOTICE | |
| Place of production, publication, distribution, manufacture | Boston : |
| Name of producer, publisher, distributor, manufacturer | CAB International, |
| Date of production, publication, distribution, manufacture, or copyright notice | 2023. |
| 300 ## - PHYSICAL DESCRIPTION | |
| Extent | pages cm |
| 336 ## - CONTENT TYPE | |
| Content type term | text |
| Content type code | txt |
| Source | rdacontent |
| 337 ## - MEDIA TYPE | |
| Media type term | unmediated |
| Media type code | n |
| Source | rdamedia |
| 338 ## - CARRIER TYPE | |
| Carrier type term | volume |
| Carrier type code | nc |
| Source | rdacarrier |
| 520 ## - SUMMARY, ETC. | |
| Summary, etc. | "An overview of the three most important Afghanistan-Pakistan River Basins, in collaboration with water professionals and government agencies. Key aspects include water resources, land resources, ecological health, environment, climate change, and the social and economic conditions for sustainable management of these precious resources"-- |
| Assigning source | Provided by publisher. |
| 700 1# - ADDED ENTRY--PERSONAL NAME | |
| Personal name | Shah, Muhammad Azeem Ali, |
| Relator term | editor. |
| 9 (RLIN) | 119791 |
| 700 1# - ADDED ENTRY--PERSONAL NAME | |
| Personal name | Lautze, Jonathan, |
| Relator term | editor. |
| 9 (RLIN) | 119792 |
| 700 1# - ADDED ENTRY--PERSONAL NAME | |
| Personal name | Meelad, Asadullah, |
| Relator term | editor. |
| 9 (RLIN) | 119793 |
| 906 ## - LOCAL DATA ELEMENT F, LDF (RLIN) | |
| a | 0 |
| b | ibc |
| c | orignew |
| d | 2 |
| e | epcn |
| f | 20 |
| g | y-gencatlg |
| 942 ## - ADDED ENTRY ELEMENTS (KOHA) | |
| Source of classification or shelving scheme | |
| Koha item type | Book |
| Withdrawn status | Lost status | Source of classification or shelving scheme | Damaged status | Not for loan | Permanent Location | Current Location | Date acquired | Total Checkouts | Full call number | Barcode | Date last seen | Price effective from | Koha item type |
|---|---|---|---|---|---|---|---|---|---|---|---|---|---|
| School of Civil and Environmental Engineering (SCEE) | School of Civil and Environmental Engineering (SCEE) | 12/21/2023 | 000 | NIT-13712 | 12/21/2023 | 12/21/2023 | Book | ||||||
| School of Civil and Environmental Engineering (SCEE) | School of Civil and Environmental Engineering (SCEE) | 12/21/2023 | 000 | NIT-13713 | 12/21/2023 | 12/21/2023 | Book |
